| 000 | 00578nam a2200229Ia 4500 | ||
|---|---|---|---|
| 003 | OSt | ||
| 005 | 20230411134206.0 | ||
| 008 | 210423s2010 xx 000 0 und d | ||
| 020 | _a9788173816178 | ||
| 040 | _cAL | ||
| 041 | _aeng | ||
| 082 | _a332.1 MAJN | ||
| 100 |
_aMAJUMDAR (N C) _986132 |
||
| 245 | _aFundamentals of modern banking | ||
| 260 |
_aLondon _bNew Central Book Agency _c2010 |
||
| 300 |
_axv,450 _bPB |
||
| 365 |
_b325 _cINR |
||
| 650 |
_aBanking _986133 |
||
| 650 |
_aEconomics _986134 |
||
| 906 | _abanking ; Fundamentals ; modern | ||
| 942 |
_2ddc _cBK |
||
| 999 |
_c158469 _d158469 |
||